00638nam a2200205Ia 4500003000900000008004100009040001300050040001300063041000800076100002100084245004900105250001200154260001500166260000900181300000800190490000600198942000700204999001700211952020400228IT-RoPAU120407s9999 xx 000 0 und d aIT-RoPAU cIT-RoPAU aita aHubertus Halbfas aPsicologia e didattica della nuova catechesi aTorino  aElle Di Ci c1969 c cm v1 cBK c13762d13762 00102ddc406238_200000000000000_2471aPAULUSbPAULUSd2012-04-11l0o238.2.24r2012-04-11 00:00:00w2012-04-11yBKzInserito da: LUCIA In data: 02 settembre 2011 fondo: Via A.Severo 56 Progr:30235